000 00367 a2200169 4500
001 188103
020 _a978-85-08-04736-9
040 _cMagnum
100 _aPorto, Cristina
240 1 0 _aSerafina sem rotina
_lpor
245 1 0 _aSerafina sem rotina
300 _a48
362 0 _a2008
440 1 _aÁtica
697 _aLITERATURA INFANTO-JUVENIL
942 _cBK
999 _c188103
_d188103